000 01719cam a22004934a 4500
001 muse61008
003 MdBmJHUP
005 20210127151142.0
006 m o d
007 cr||||||||nn|n
008 150521t20152015miu o 00 0 eng d
010 _z 2015295700
020 _a9780472120994
020 _a0472120999
020 _z9780472072583
020 _z0472072587
020 _z9780472052585 (paper : alk. paper)
020 _z0472052586 (paper : alk. paper)
035 _a(OCoLC)1017611483
040 _aMdBmJHUP
_cMdBmJHUP
050 0 4 _aPS3618.I3916
_bA84 2015
082 0 _a818/.6
_223
100 1 _aRidge, Ryan,
_eauthor.
245 1 0 _aAmerican Homes
_cRyan Ridge.
300 _a1 online resource (114 pages) :
_billustrations ;
490 0 _aTwenty-First Century Prose series
500 _aIncludes index.
506 0 _aOpen Access
_fUnrestricted online access
_2star
588 _aDescription based on print version record.
650 0 _aShort stories.
_2fast
_0(OCoLC)fst01117043
650 0 _aAmerican fiction.
_2fast
_0(OCoLC)fst00807048
655 0 _aShort stories.
_2gsafd
655 7 _aElectronic books.
_2local
710 2 _aUniversity of Michigan.
_bPress,
_epublisher.
710 2 _aProject Muse.
_edistributor
830 0 _aTwenty-First Century Prose series.
830 0 _aBook collections on Project MUSE.
856 4 0 _zFull text available:
_uhttps://muse.jhu.edu/book/52249/
945 _aProject MUSE - Archive Complete Supplement VI
945 _aProject MUSE - Archive Poetry, Fiction and Creative Non-Fiction Supplement VI
999 _c24799
_d24799